Hannah Bahng - Vertigo (lyrics) - Statistics

General Stats
  • This quiz has been taken 4 times
  • The average score is 219 of 237
Answer Stats
Answer % Correct
a
100%
A
100%
abandon
100%
abandoned
100%
About
100%
alive
100%
all
100%
and
100%
As
100%
ask
100%
away
100%
back
100%
be
100%
Being
100%
Belligerent
100%
bloodline
100%
but
100%
by
100%
car
100%
care
100%
chasing
100%
come
100%
constant
100%
defined
100%
driving
100%
euphoric
100%
face
100%
fast
100%
fears
100%
feel
100%
for
100%
from
100%
good
100%
Greedy
100%
head
100%
Head
100%
head's
100%
here
100%
hour
100%
hundred
100%
I
100%
I'm
100%
in
100%
inside
100%
keep
100%
Locked
100%
locked
100%
me
100%
meant
100%
miles
100%
mine
100%
mundane
100%
my
100%
never
100%
no
100%
not
100%
Nursing
100%
of
100%
Of
100%
open
100%
own
100%
people
100%
per
100%
purpose
100%
running
100%
rushing
100%
save
100%
Scared
100%
scared
100%
sea
100%
stare
100%
still
100%
Swept
100%
Take
100%
tears
100%
terrified
100%
That's
100%
the
100%
The
100%
Tired
100%
to
100%
To
100%
tragedy
100%
vanity
100%
vertigo
100%
want
100%
war
100%
was
100%
what's
100%
who
100%
writes
100%
you
100%
Your
100%
your
100%
Avoiding
50%
Blinding
50%
built
50%
can't
50%
conscience
50%
dark
50%
Eden
50%
emotions
50%
existence
50%
fury
50%
give
50%
goodbyes
50%
guilt
50%
healed
50%
Hide
50%
Intrigued
50%
mind
50%
Paradise
50%
rage
50%
relationships
50%
remorse
50%
resistance
50%
selfish
50%
sign
50%
sins
50%
terrifying
50%
time
50%
void
50%
walls
50%
waste
50%
we
50%
with
50%
within
50%
light
0%
No matching quizzes found
Score Distribution
Percent of People with Each Score
Percentile by Number Answered
Your Score History
You have not taken this quiz